Santos vega : y otras leyendas argentinas /
Guardado en:
| Autor Principal: | |
|---|---|
| Formato: | Libro |
| Publicado: |
Buenos Aires :
Kapelusz,
1967
|
| Edición: | 12a. ed. |
| Series: | Grandes Obras de la Literatura Universal ; No.1
|
| Etiquetas: |
Agregar Etiqueta
Sin Etiquetas, Sea el primero en etiquetar este registro!
|
| LEADER | 01121nam a22002655a 4500 | ||
|---|---|---|---|
| 001 | CEM.cems004724 | ||
| 005 | 20060217000000.0 | ||
| 008 | 130507s1967##################000#0#####d | ||
| 003 | CEMS | ||
| 082 | 0 | 4 | |a A861.2 |
| 100 | 1 | |a Obligado, Rafael | |
| 245 | 1 | 0 | |a Santos vega : |b y otras leyendas argentinas / |
| 250 | |a 12a. ed. | ||
| 260 | |a Buenos Aires : |b Kapelusz, |c 1967 | ||
| 300 | |a 76 p. | ||
| 490 | 0 | |a Grandes Obras de la Literatura Universal ; No.1 | |
| 859 | |a CEMS |b BIB. CEMS - 11 de abril |h A861.2 |i Ob4a12 |p 3922.75 |t Ej.1 | ||
| 859 | |a CEMS |b BIB. CEMS - 11 de abril |h A861.2 |i Ob4a12 |p 3923.75 |t Ej.2 | ||
| 859 | |a CEMS |b BIB. CEMS - 11 de abril |h A861.2 |i Ob4a12 |p 3924.75 |t Ej.3 | ||
| 859 | |a CEMS |b BIB. CEMS - 11 de abril |h A861.2 |i Ob4a12 |p 3925.75 |t Ej.4 | ||
| 859 | |a CEMS |b BIB. CEMS - 11 de abril |h A861.2 |i Ob4a12 |p 3926.75 |t Ej.5 | ||
| 859 | |a CEMS |b BIB. CEMS - 11 de abril |h A861.2 |i Ob4a12 |p 3927.75 |t Ej.6 | ||
| 859 | |a CEMS |b BIB. CEMS - 11 de abril |h A861.2 |i Ob4a12 |p 3928.75 |t Ej.7 | ||
| 859 | |a CEMS |b BIB. CEMS - 11 de abril |h A861.2 |i Ob4a12 |p 3929.75 |t Ej.8 | ||
| 859 | |a CEMS |b BIB. CEMS - 11 de abril |h A861.2 |i Ob4a12 |p 4472.75 |t Ej.9 | ||
